00777nam a22002297a 4500003000500000005001700005008004100022010001000063011001000073035001000083040000900093100002500102245013700127260004000264300003100304502010100335650001900436650002800455650001500483650001400498700003500512CHAP20251128104537.0971010s1984 r 00010 d a65358 a66330 a74436 cCHAP10aCano Medrano, Raquel aEfecto de la 8-hidroxiquinolina cítrato y sacarosa en la conservación refrigerada de la flor cortada de gladiola (Gladiolus sp.) aChapingo, Méx. :bEl autor,c1984 a60 h.b: gráfs. apénd. aTesis (Ing. Agr. Esp. en Industrias Agrícolas) -- UACH. Departamento de Industrias Agrícolas14aFloresxCorte.14aFloresxPreservación.14aGladiolas.14aSacarosa.1 aViramontes Alvarado, Guillermo